| 000 | 00372nam a22001577a 4500 | ||
|---|---|---|---|
| 999 |
_c11281 _d11281 |
||
| 003 | OSt | ||
| 008 | 220609b ||||| |||| 00| 0 eng d | ||
| 082 | _a005.43 DAU | ||
| 100 | _aDas,Sumitabha | ||
| 245 | _aUnix:concepts and Application | ||
| 250 | _a4th | ||
| 260 |
_aNew Delhi _bTata Mcgraw Hill _c2020 |
||
| 300 | _a671 | ||
| 650 | _aB.Tech(CSE) | ||
| 942 |
_2ddc _cBK _01 |
||